| 000 | 01616cad a22002055a 4500 | ||
|---|---|---|---|
| 001 | L153876 | ||
| 008 | 110914e2011 xxk 000 0 eng d | ||
| 035 | _a(Sirsi) u153876 | ||
| 041 | 0 | _aeng | |
| 110 | 2 |
_aGreat Britain _bHealth and Safety Executive |
|
| 245 | 0 | 0 |
_aProposals on revised control of asbestos regulations _h[electronic resource] |
| 260 |
_a[S.l.] _bHSE _c2011 |
||
| 490 | 0 |
_aHSE Research Report _v(CD237) |
|
| 520 | _aThis consultation sets out HSE's proposals to introduce revised Control of Asbestos Regulations to implement the changes required to comply with the European Commission's reasoned opinion on the UK Government's transposition of Directive 83/477/EEC as amended by 2003/18/EC on the protection of workers from the risks of exposure to asbestos at work. The reasoned opinion confirms the European Commission's view that the UK has not fully implemented Article 3(3) of the Directive which provides for the exemption of some types of lower risk work with asbestos from three requirements of the Directive: notification of work; medical examinations; and record keeping. The required changes mean in future fewer types of lower risk work will be exempt from the three requirements. Views are sought on the proposals; the guidance to be produced to explain how the changes will work in practice; and the impact on business. | ||
| 590 | _aKA NTK | ||
| 651 | 4 |
_aUnited Kingdom _y |
|
| 690 | _aMANAGEMENT-HEALTH AND SAFETY-HAZARDOUS SUBSTANCES-ASBESTOS | ||
| 856 | 4 | 8 |
_uhttps://www.hse.gov.uk/consult/condocs/cd237.htm _zView the consultation free of charge at www.hse.gov.uk |
| 942 | _n0 | ||
| 999 |
_c112742 _d112742 |
||